| 000 | 00392cam a22001451 4500 | ||
|---|---|---|---|
| 040 | _cODaU | ||
| 082 | _a669 BET 1952 A105 Or. | ||
| 110 | 2 | _aBethlehem Steel Company. | |
| 245 | 1 | 0 |
_aModern steels and their properties; _bcarbon and alloy steel bars. |
| 260 |
_aBethlehem, Pa., _cc1952. |
||
| 300 |
_a227 p. _billus. _c24 cm. |
||
| 490 | 1 | _aIts Handbook 268-A | |
| 650 | 0 | _aSteel | |
| 942 | _cEK | ||
| 999 |
_c16271 _d16271 |
||